| 000 | 00468nam a2200181 a 4500 | ||
|---|---|---|---|
| 005 | 20210219153532.0 | ||
| 008 | 991125n 000 0 u | ||
| 035 | _aUPN01000105193 | ||
| 100 | 1 | _aTharp, Jack | |
| 222 | _aNASPA JOURNAL | ||
| 245 | _aWhen merit pay fails : searching for an alternative | ||
| 300 | _a75-79 | ||
| 362 | 0 | _a1991 Vol. 29, no. 1 | |
| 653 | 0 | _aEVALUACION DE PERSONAL | |
| 653 | 0 | _aSALARIOS | |
| 904 |
_aAC _b043004 |
||
| 905 | _aArticulo | ||
| 999 |
_c79320 _d79320 |
||